000 00323cam a2200145ua 4500
008 231114b |||||||| |||| 00| 0 eng d
041 _aeng
082 _a532
100 _aGeorge E Russell
_95589
245 _aHydraulics /
250 _a5th ed.
260 _bOxfor & IBH Publishing co.
300 _a468p.
942 _cBK
999 _c7466
_d7466